000 00809nam a2200277Ia 4500
003 OSt
005 20220912150640.0
006 a|||||r|||| 00| 0
007 ta
008 220909b |||||||| |||| 00| 0 eng d
024 _a41528
037 _cTextual
040 _aCSL
_beng
_cCSL
041 _aeng
082 _aB4630t6, L6.1
100 _aBowen Ray M
245 0 _aIntroduction to vectors and tensors: linear and multilinear algebra
260 _aNew York
_b Plenum Press
_c1976
300 _axiii,241p.
_ccm.,xxii
490 _aMathematical concepts and methods in science and engineering
650 _a Vector analysis
650 _aVector algebra
700 _a Wang C C
942 _hB4630t6, L6.1
_cTEXL
_2CC
999 _c51795
_d51795